| 000 -CABECERA |
| fixed length control field |
01251nam a22002657a 4500 |
| 003 - IDENTIFICADOR DEL NÚMERO DE CONTROL |
| control field |
AR-CdUCM |
| 008 - DATOS DE LONGITUD FIJA--INFORMACIÓN GENERAL |
| fixed length control field |
240110b20212021pe ||||| |||| 00| 0 spa d |
| 040 ## - FUENTE DE LA CATALOGACIÓN |
| Agencia/entidad que catalogó originalmente la obra |
MUNICIPALIDAD PROVINCIAL DEL CUSCO |
| Entidad que transcribió la catalogación |
BIBLIOTECA MUNICIPAL DEL CUSCO |
| 082 ## - NÚMERO DE LA CLASIFICACIÓN DECIMAL DEWEY |
| No. de Clasificación |
F344.2 / O44 |
| Notacion interna |
O44 |
| 100 ## - ENTRADA PRINCIPAL--NOMBRE DE PERSONA |
| Nombre Personal |
Olivera Sarmiento, Edgardo César |
| 245 ## - MENCIÓN DE TÍTULO |
| Título |
Las 100 Audiencias en el Nuevo código Procesal Penal Peruano : |
| Resto del título |
El desagregado más completo del sistema de audiencias en el Nuevo Proceso Penal Peruano / |
| 260 ## - PUBLICACIÓN, DISTRIBUCIÓN, ETC. |
| Fecha de publicación, distribución, etc. |
2021 |
| Lugar de publicación, distribución, etc. |
Cusco : |
| Nombre de la editorial, distribuidor, etc. |
Danny's Graff E.I.R.L. |
| 300 ## - DESCRIPCIÓN FÍSICA |
| Nº de Páginas Extensión |
656 páginas. : |
| Dimensiones |
30 cm. |
| 505 ## - NOTA DE CONTENIDO CON FORMATO |
| Nota de contenido formateada |
Audiencia única de ampliación del principio de oportunidad, sede fiscal -- Audiencia para resolver la cuestión previa -- Audiencia de tutela de los derechos del imputado -- Audiencias en los procesos penales -- Proceso especial de seguridad -- Proceso por colaboración eficaz |
| 650 ## - PUNTO DE ACCESO ADICIONAL DE MATERIA--TÉRMINO DE MATERIA |
| Descriptor |
Audiencias |
| 9 (RLIN) |
43946 |
| 650 ## - PUNTO DE ACCESO ADICIONAL DE MATERIA--TÉRMINO DE MATERIA |
| Descriptor |
Proceso Común |
| 9 (RLIN) |
49270 |
| 650 ## - PUNTO DE ACCESO ADICIONAL DE MATERIA--TÉRMINO DE MATERIA |
| Descriptor |
Procesos especiales |
| 9 (RLIN) |
49271 |
| 650 ## - PUNTO DE ACCESO ADICIONAL DE MATERIA--TÉRMINO DE MATERIA |
| Descriptor |
Ejecución de sentencias |
| 9 (RLIN) |
49272 |
| 650 ## - PUNTO DE ACCESO ADICIONAL DE MATERIA--TÉRMINO DE MATERIA |
| Descriptor |
Cese de prisión preventiva |
| 9 (RLIN) |
49273 |
| 650 ## - PUNTO DE ACCESO ADICIONAL DE MATERIA--TÉRMINO DE MATERIA |
| Descriptor |
Juicio oral |
| 9 (RLIN) |
8706 |
| 650 ## - PUNTO DE ACCESO ADICIONAL DE MATERIA--TÉRMINO DE MATERIA |
| Descriptor |
Audiencia en proceso por faltas |
| 9 (RLIN) |
49274 |
| 942 ## - ELEMENTOS DE PUNTO DE ACCESO ADICIONAL (KOHA) |
| Fuente de clasificación |
|
| Tipo de item |
Libros-BMC |
| 945 ## - PROCESAMIENTO DE INFORMACIÓN LOCAL (OCLC) |
| Catalogador |
pbj |
| AAAA-MM-DD - Fecha de ingreso o modificacion |
10-01-2024 |